Automatizácia účtovníctva koncepcia v rámci projektov ASR

Gespeichert in:
Bibliographische Detailangaben
1. Verfasser: Majerová, Emília
Körperschaft: Vysoká škola ekonomická v Bratislave. Fakulta riadenia
Format: Buch
Sprache:Slowakisch
Veröffentlicht: Bratislava Vysoká škola ekonomická 1984
Tags: Tag hinzufügen
Keine Tags, Fügen Sie das erste Tag hinzu!

MARC

LEADER 00000nam a2200000 4500
001 c113863
005 20181219124542.3
041 0 |a slo 
044 |a SK 
245 1 0 |a Automatizácia účtovníctva  |b koncepcia v rámci projektov ASR  |c Emília Majerová 
264 1 |a Bratislava  |b Vysoká škola ekonomická  |c 1984 
300 |a 363 s. 
100 1 |a Majerová, Emília 
710 2 |a Vysoká škola ekonomická v Bratislave. Fakulta riadenia